Novodobá hladová dolina : Krompašské Kovohuty pred kolapsom

Podrobná bibliografia
Hlavný autor: Platko, Igor (Author)
Médium: Článok
Jazyk:Slovak
Témy:
Zdroj: 1. Slovenská republika 1. Roč. 7, č. 55(1999), dát. 0308, s. 14
LEADER 00808nab#a2200301#ar4500
001 000031413
003 SVKKK
005 00000000000000.0
008 c xo e sloo
FMT
038 |a SVKKK 
040 |a SVKKK  |b slo  |e AACR2 
041 0 |a slo 
044 |a xo  |c SK 
080 |a 621.  |2 1981 
080 |a 669.  |2 1981 
100 1 |a Platko, Igor  |4 aut 
245 1 0 |a Novodobá hladová dolina :  |b Krompašské Kovohuty pred kolapsom  |c Platko Igor, 
650 0 4 |a Kovohuty, Krompachy  |z SEZ, Krompachy 
650 0 4 |a prepúšťanie pracovníkov  |x postrehy kritické  |x informácie 
773 0 |t Slovenská republika  |g Roč. 7, č. 55(1999), dát. 0308, s. 14 
957 |a Krompachy 
958 |a SN 
974 |d 990622  |a SAB 
992 |a RBX 
BAS
852 |a SVKKK  |b BIB 
998 |a REG